| 000 | 00000nam##2200000za#4500 |
| 001 | 9.681761 |
| 003 | CaOODSP |
| 005 | 20210615132517 |
| 007 | ta |
| 008 | 150407|2002||||xxc||||| f|0| 0 fre|d |
| 020 | |a0-662-86723-8 |
| 040 | |aCaOODSP|bfre |
| 043 | |an-cn--- |
| 086 | 1 |aCi63-19/2002F |
| 110 | 1 |aCanada. |bCitoyenneté et immigration Canada. |
| 245 | 13|aLe Canada et les nouveaux arrivants |
| 250 | |aÉdition 2002 |
| 260 | |aOttawa - Ontario : |bCitoyenneté et Immigration Canada |c2002. |
| 300 | |aiv, 40p. : |bill., carte ; |c28 cm. |
| 563 | |aCouverture souple |
| 590 | |a02-33|b2002-08-16 |
| 691 | 07|aCitoyenneté|2gcpds |
| 691 | 07|aImmigrant|2gcpds |
| 775 | 08|tA newcomer's introduction to Canada |w(CaOODSP)9.648470 |
| 776 | 0#|tLe Canada et les nouveaux arrivants / |w(CaOODSP)9.639763 |